{"text_format":"3","workbook":"xls","n_sheets":3,"sheets":["明细表","年度明细表","WpsReserved_CellImgList"],"not_rendered":{"images":8,"external_links":1,"defined_names":5},"read":"whole","date_system":"1900","formulas":"cached_only"}

{"sheet":"明细表","index":0,"n_rows":79,"n_cols":10,"rows_kept":79,"merged":[[0,0,0,9],[75,0,75,9],[76,0,76,9],[77,0,77,9],[78,0,78,9]],"flags":["formulas_cached_only"]}
["东莞市水务集团建设管理有限公司2024年第三季度办公文具采购项目分项报价表"]
["序号","名称","规格型号","汇总数量","单位","单价报价（元）\n不含税","总价报价\n（元）\n不含税","报价品牌型号","产品图片","备注"]
[1,"中性按钮笔","GP1008 ；0.5mm；12支/盒",37,"盒"]
[2,"中性签字笔","白雪牌；0.5mm；12支/盒",38,"盒"]
[3,"铅笔","2B；12支/盒",4,"盒"]
[4,"削笔器","手动",10,"个"]
[5,"荧光笔套装","6色；6支/盒",12,"盒"]
[6,"记号笔","双头两用油性记号笔黑色大头笔大容量速干防水不掉色粗头",10,"支"]
[7,"白板笔","10支/盒（黑色、蓝色、红色、绿色、黄色）",11,"盒"]
[8,"激光笔","303D大功率激光强光",11,"支"]
[9,"电池","5号；简装40粒一盒",34,"盒"]
[10,"电池","7号；简装40粒一盒",34,"盒"]
[11,"长尾夹","15mm；60只/筒",27,"筒"]
[12,"长尾夹","19mm；40只/筒",27,"筒"]
[13,"长尾夹","25mm； 48只/筒",25,"筒"]
[14,"长尾夹","50mm；12只/筒",25,"筒"]
[15,"不锈钢蝴蝶夹","山型夹145mm",28,"只"]
[16,"美工刀","9mm；自锁",4,"把"]
[17,"笔记本","A5/25k；145mm*212mm；封面仿皮烫银，内页80克道林纸灰色印刷，100页/本，含插销，不少于3个插卡位置，含北京、上海、广州、东莞地铁图",73,"本"]
[18,"软抄本","A5",25,"本"]
[19,"直尺","30cm；塑料",10,"把"]
[20,"回形针","普通；29mm；100个/盒",20,"盒"]
[21,"复印纸","黄色；A4；80g/m2；108um厚；96.4%不透明度；零尘埃度；500张/包",4,"包"]
[22,"复印纸","红色；A4；80g/m2；108um厚；96.4%不透明度；零尘埃度；500张/包",15,"包"]
[23,"复印纸","A4；80g/m2；108um厚；96.4%不透明度；零尘埃度；500张/包；5包/箱",65,"箱"]
[24,"复印纸","A3；80g/m2；108um厚；96.4%不透明度；零尘埃度；500张/包；5包/箱",25,"箱"]
[25,"透明文件袋","A4，按扣，10个装",32,"个"]
[26,"档案盒","A4；75mm；PP材质；蓝色；硬纸板；带夹",105,"个"]
[27,"档案盒","5CM厚*31CM*22CM;A4档案盒;进口档案无酸纸;单个档案盒纸质材料重量为750克",50,"个"]
[28,"双强力文件夹","A4金属",20,"个"]
[29,"双夹文件夹","蓝色",10,"个"]
[30,"透明胶带","60mm*100y",5,"卷"]
[31,"双面胶带"," 9mm*10y(9.1m)",10,"卷"]
[32,"双面胶带","30mm*3m；魔力胶带；透明",10,"卷"]
[33,"透明书写板","A4",15,"块"]
[34,"便利贴","76*76mm；100张/包；单色",30,"包　"]
[35,"便利标签","76*19mm；四色荧光色；4pcs*100张",30,"包"]
[36,"便利标签","44mm*7mm；半色平头，可书写",30,"包"]
[37,"便利标签","44mm*12mm；纯色透明可书写",10,"包"]
[38,"橡皮擦","小号；2B；白",25,"块"]
[39,"全沙橡皮擦","17*68*7mm",10,"块"]
[40,"橡筋圈","100g",2,"盒"]
[41,"文件盘","三层；镂空",8,"个"]
[42,"资料架子","三层",15,"个"]
[43,"取钉器",null,30,"个"]
[44,"排插","GN-B3440；8位；总控；1.8米",25,"个"]
[45,"排插","GN-B3220；4位；总控；3米",16,"个"]
[46,"胶水","125ml",30,"支"]
[47,"磁贴","20cm；蓝色",38,"条"]
[48,"文件篮子","A4",20,"个"]
[49,"剪刀","175mm",30,"把"]
[50,"鼠标垫","25*20cm",25,"块"]
[51,"笔筒",null,5,"个"]
[52,"笔筒收纳","220*140*130mm",23,"个"]
[53,"国旗","2号",1,"面"]
[54,"红旗","3号",2,"面"]
[55,"订书机","手握式，得力0346",20,"个"]
[56,"订书针","24/6；1000枚/盒 ",60,"盒"]
[57,"订书针","23/10；500枚/盒;10盒装",52,"盒"]
[58,"印台","朱肉；φ80mm",12,"个"]
[59,"印油","40ml",10,"瓶"]
[60,"光敏印油","10ml，红色",5,"瓶"]
[61,"防割垫","A3大小防割垫",2,"张"]
[62,"粘钩",null,70,"个"]
[63,"密码保险柜","报警方式：蜂鸣器报警。开锁方式：密码。净重：31-50kg。 箱体高度：45-60cm。箱体厚度：4-6mm。应急开启：主钥匙+应急钥匙",1,"个"]
[64,"涂改液","12ml",5,"支"]
[65,"标签纸","51*38mm 单中线；12枚/张；58张/包",2,"包"]
[66,"牛皮纸脊背标签","宽4.8cm，4格",1,"包"]
[67,"双向裁纸刀","A4",14,"个"]
[68,"金属桌面书架、书档",null,12,"对"]
[69,"抽杆夹","9mm，蓝色",60,"个"]
[70,"抽杆夹","14mm，蓝色",60,"个"]
[71,"抽杆夹","25mm，蓝色",50,"个"]
[72,"收款收据","三联",2,"本"]
[73,"桌面磁性小白板","自带支架 305*228mm",10,"块"]
["合计（不含税）：          元"]
["供应商（加盖公章）  "]
["1.本次所报价格为不含销项税额，包含报价人完成合同义务（含报价人代缴代扣、施工、采购货物等所产生的价税）的其他全部费用。本采购项目的销项税额由采购人承担，不计入报价。报价均包括但不限于以下内容涉及的费用：包含本合同项下所供货物及其的附件、备品备件的采购、制造、检测、试验、送货、装卸（含二次搬运至采购人指定仓储地点）、安装调试、保险、现场仓储、质保期免费上门提供售后服务及报价人销项税额以外的税费等相关服务的全部费用。\n2.不含税报价不得高于本项目不含税总采购限价44,501.00元，否则视为无效报价。\n3.分项报价表与总价报价表不一致的，以总价报价表为准，调整分项报价表。\n4.本报价表不允许调整，擅自修改，将视为无效报价。"]
["交货地址：\n1.公司本部：广东省东莞市南城街道（无电梯）\n2.第一工程管理处：松山湖南山路1号中集智谷37栋\n3.第二工程管理处：虎门镇怀林路56号2栋110室\n4.第三工程管理处：东莞市塘厦镇裕民街91号"]

{"sheet":"年度明细表","index":1,"n_rows":163,"n_cols":33,"rows_kept":163,"hidden":true,"merged":[[0,0,0,32],[161,0,161,22],[162,0,162,32]],"flags":["formulas_cached_only"]}
["2023年全年办公文具需求计划清单！！！！"]
["序号","公司","名称","规格型号","汇总数量","财务部","运营管理部","工程管理部","办公室","设备管理部","合同管理部","技术管理部","安全监管部","党群人事部","信息管理部","第一分公司","第二分公司","第三分公司","第四分公司","第五分公司","第六分公司","单位","单价（元）","金额（元）","本部总价","第一分公司总价","第二分公司总价","第三分公司总价","第四分公司总价","第五分公司总价","第六分公司总价","推荐品牌","备注"]
[1,"东泽公司","中性按钮笔","GP1008 ；0.5mm；12支/盒",659,null,10,10,80,10,10,10,10,30,8,36,100,50,147,48,100,"盒",{"v":30,"d":"30.00"},{"v":19770,"d":"19,770.00"},{"v":5340,"d":"5,340.00"},{"v":1080,"d":"1,080.00"},{"v":3000,"d":"3,000.00"},{"v":1500,"d":"1,500.00"},{"v":4410,"d":"4,410.00"},{"v":1440,"d":"1,440.00"},{"v":3000,"d":"3,000.00"}]
[2,"东泽公司","中性签字笔","UB-150；0.5mm；10支/盒",24,null,null,2,{"$nulls":6},2,5,0,5,null,5,5,"盒",{"v":80,"d":"80.00"},{"v":1920,"d":"1,920.00"},{"v":320,"d":"320.00"},{"v":400,"d":"400.00"},{"v":0,"d":"0.00"},{"v":400,"d":"400.00"},{"v":0,"d":"0.00"},{"v":400,"d":"400.00"},{"v":400,"d":"400.00"}]
[3,"东泽公司","中性签字笔","UB-177；0.7mm；12支/盒",13,{"$nulls":10},0,4,5,null,4,null,"盒",{"v":120,"d":"120.00"},{"v":1560,"d":"1,560.00"},{"v":0,"d":"0.00"},{"v":0,"d":"0.00"},{"v":480,"d":"480.00"},{"v":600,"d":"600.00"},{"v":0,"d":"0.00"},{"v":480,"d":"480.00"},{"v":0,"d":"0.00"}]
[4,"东泽公司","中性按钮笔","K35 ；0.5mm；12支/盒",343,{"$nulls":3},30,{"$nulls":3},10,20,null,172,0,50,22,9,30,"盒",35,{"v":12005,"d":"12,005.00"},{"v":2100,"d":"2,100.00"},{"v":6020,"d":"6,020.00"},{"v":0,"d":"0.00"},{"v":1750,"d":"1,750.00"},{"v":770,"d":"770.00"},{"v":315,"d":"315.00"},{"v":1050,"d":"1,050.00"},"得力、晨光、金得利"]
[5,"东泽公司","中性按钮笔","A12 ；黑色0.5mm；12支/盒",30,{"$nulls":10},0,30,{"$nulls":4},"盒",42,{"v":1260,"d":"1,260.00"},{"v":0,"d":"0.00"},{"v":0,"d":"0.00"},{"v":1260,"d":"1,260.00"},{"v":0,"d":"0.00"},{"v":0,"d":"0.00"},{"v":0,"d":"0.00"},{"v":0,"d":"0.00"},"得力、晨光、金得利"]
[6,"东泽公司","中性签字笔","Q7 ；0.5mm；12支/盒",185,{"$nulls":9},2,46,40,50,5,2,40,"盒",15,{"v":2775,"d":"2,775.00"},{"v":30,"d":"30.00"},{"v":690,"d":"690.00"},{"v":600,"d":"600.00"},{"v":750,"d":"750.00"},{"v":75,"d":"75.00"},{"v":30,"d":"30.00"},{"v":600,"d":"600.00"},"得力、晨光、金得利"]
[7,"东泽公司","按动中性笔芯","0.5mm；40支/盒",24,{"$nulls":7},5,null,3,0,0,null,12,4,null,"盒",{"v":28,"d":"28.00"},{"v":672,"d":"672.00"},{"v":224,"d":"224.00"},{"v":0,"d":"0.00"},{"v":0,"d":"0.00"},{"v":0,"d":"0.00"},{"v":336,"d":"336.00"},{"v":112,"d":"112.00"},{"v":0,"d":"0.00"},"得力、晨光、金得利"]
[8,"东泽公司","中性笔芯","0.5mm；40支/盒",12,{"$nulls":10},0,0,null,12,null,null,"盒",{"v":24,"d":"24.00"},{"v":288,"d":"288.00"},{"v":0,"d":"0.00"},{"v":0,"d":"0.00"},{"v":0,"d":"0.00"},{"v":0,"d":"0.00"},{"v":288,"d":"288.00"},{"v":0,"d":"0.00"},{"v":0,"d":"0.00"},"得力、晨光、金得利"]
[9,"东泽公司","红色 签字笔","0.5mm；12支/盒",180,2,4,2,5,null,3,3,2,null,2,65,50,10,19,3,10,"盒",{"v":10.5,"d":"10.50"},{"v":1890,"d":"1,890.00"},{"v":241.5,"d":"241.50"},{"v":682.5,"d":"682.50"},{"v":525,"d":"525.00"},{"v":105,"d":"105.00"},{"v":199.5,"d":"199.50"},{"v":31.5,"d":"31.50"},{"v":105,"d":"105.00"},"得力、晨光、金得利"]
[10,"东泽公司","铅笔","2B；12支/盒",162,null,null,4,5,4,3,3,2,null,3,17,40,20,24,7,30,"盒",{"v":12,"d":"12.00"},{"v":1944,"d":"1,944.00"},{"v":288,"d":"288.00"},{"v":204,"d":"204.00"},{"v":480,"d":"480.00"},{"v":240,"d":"240.00"},{"v":288,"d":"288.00"},{"v":84,"d":"84.00"},{"v":360,"d":"360.00"},"中华、得力、真彩"]
[11,"东泽公司","自动铅笔","笔芯0.5MM",102,{"$nulls":9},3,8,0,null,21,20,50,"支",{"v":5,"d":"5.00"},{"v":510,"d":"510.00"},{"v":15,"d":"15.00"},{"v":40,"d":"40.00"},{"v":0,"d":"0.00"},{"v":0,"d":"0.00"},{"v":105,"d":"105.00"},{"v":100,"d":"100.00"},{"v":250,"d":"250.00"},"任意品牌"]
[12,"东泽公司","自动铅笔芯","2B笔芯0.5MM，20根/盒",125,{"$nulls":9},3,3,0,null,9,10,100,"盒",{"v":5,"d":"5.00"},{"v":625,"d":"625.00"},{"v":15,"d":"15.00"},{"v":15,"d":"15.00"},{"v":0,"d":"0.00"},{"v":0,"d":"0.00"},{"v":45,"d":"45.00"},{"v":50,"d":"50.00"},{"v":500,"d":"500.00"},"任意品牌"]
[13,"东泽公司","荧光笔","黄色",200,null,null,10,30,6,null,null,5,null,4,20,20,30,42,13,20,"支",{"v":4,"d":"4.00"},{"v":800,"d":"800.00"},{"v":220,"d":"220.00"},{"v":80,"d":"80.00"},{"v":80,"d":"80.00"},{"v":120,"d":"120.00"},{"v":168,"d":"168.00"},{"v":52,"d":"52.00"},{"v":80,"d":"80.00"},"任意品牌"]
[14,"东泽公司","荧光笔","绿色",219,null,null,10,30,6,10,10,5,null,4,20,20,30,42,12,20,"支",{"v":4,"d":"4.00"},{"v":876,"d":"876.00"},{"v":300,"d":"300.00"},{"v":80,"d":"80.00"},{"v":80,"d":"80.00"},{"v":120,"d":"120.00"},{"v":168,"d":"168.00"},{"v":48,"d":"48.00"},{"v":80,"d":"80.00"},"任意品牌"]
[15,"东泽公司","荧光笔","蓝色",268,100,{"$nulls":3},6,10,10,null,null,4,20,20,30,36,12,20,"支",{"v":4,"d":"4.00"},{"v":1072,"d":"1,072.00"},{"v":520,"d":"520.00"},{"v":80,"d":"80.00"},{"v":80,"d":"80.00"},{"v":120,"d":"120.00"},{"v":144,"d":"144.00"},{"v":48,"d":"48.00"},{"v":80,"d":"80.00"},"任意品牌"]
[16,"东泽公司","荧光笔","粉色",238,100,{"$nulls":3},6,{"$nulls":4},4,10,20,30,36,12,20,"支",{"v":4,"d":"4.00"},{"v":952,"d":"952.00"},{"v":440,"d":"440.00"},{"v":40,"d":"40.00"},{"v":80,"d":"80.00"},{"v":120,"d":"120.00"},{"v":144,"d":"144.00"},{"v":48,"d":"48.00"},{"v":80,"d":"80.00"},"任意品牌"]
[17,"东泽公司","小双头油性笔","细头：0.5mm；粗头1.5mm",244,null,5,null,12,6,{"$nulls":4},5,60,50,null,45,11,50,"支",{"v":2,"d":"2.00"},{"v":488,"d":"488.00"},{"v":56,"d":"56.00"},{"v":120,"d":"120.00"},{"v":100,"d":"100.00"},{"v":0,"d":"0.00"},{"v":90,"d":"90.00"},{"v":22,"d":"22.00"},{"v":100,"d":"100.00"},"得力、齐心、广博"]
[18,"东泽公司","记号笔","双头两用油性记号笔黑色大头笔大容量速干防水不掉色粗头",195,null,5,{"$nulls":7},2,54,30,null,62,12,30,"支",5,{"v":975,"d":"975.00"},{"v":35,"d":"35.00"},{"v":270,"d":"270.00"},{"v":150,"d":"150.00"},{"v":0,"d":"0.00"},{"v":310,"d":"310.00"},{"v":60,"d":"60.00"},{"v":150,"d":"150.00"},"任意品牌"]
[19,"东泽公司","油漆笔","12支/盒；DL-S576白",23,{"$nulls":10},14,0,null,8,1,null,"盒",{"v":29,"d":"29.00"},{"v":667,"d":"667.00"},{"v":0,"d":"0.00"},{"v":406,"d":"406.00"},{"v":0,"d":"0.00"},{"v":0,"d":"0.00"},{"v":232,"d":"232.00"},{"v":29,"d":"29.00"},{"v":0,"d":"0.00"},"任意品牌"]
[20,"东泽公司","金霸王电池","5号；简装40粒一盒",207,1,4,2,5,1,3,3,1,1,4,19,55,15,30,13,50,"盒",{"v":80,"d":"80.00"},{"v":16560,"d":"16,560.00"},{"v":2000,"d":"2,000.00"},{"v":1520,"d":"1,520.00"},{"v":4400,"d":"4,400.00"},{"v":1200,"d":"1,200.00"},{"v":2400,"d":"2,400.00"},{"v":1040,"d":"1,040.00"},{"v":4000,"d":"4,000.00"}]
[21,"东泽公司","金霸王电池","7号；简装40粒一盒",173,null,4,4,3,1,2,2,1,1,4,24,30,20,27,20,30,"盒",{"v":80,"d":"80.00"},{"v":13840,"d":"13,840.00"},{"v":1760,"d":"1,760.00"},{"v":1920,"d":"1,920.00"},{"v":2400,"d":"2,400.00"},{"v":1600,"d":"1,600.00"},{"v":2160,"d":"2,160.00"},{"v":1600,"d":"1,600.00"},{"v":2400,"d":"2,400.00"}]
[22,"东泽公司","电池","碱性9V伏电池；10粒装",1,{"$nulls":10},0,0,null,1,null,null,"盒",{"v":89,"d":"89.00"},{"v":89,"d":"89.00"},{"v":0,"d":"0.00"},{"v":0,"d":"0.00"},{"v":0,"d":"0.00"},{"v":0,"d":"0.00"},{"v":89,"d":"89.00"},{"v":0,"d":"0.00"},{"v":0,"d":"0.00"},null,"=DISPIMG(\"ID_33E7DC48B71D4564B7D10AE10F620EC2\",1)"]
[23,"东泽公司","电池","碱性电池23A12V；5粒装",1,{"$nulls":10},0,0,null,1,null,null,"件",{"v":16,"d":"16.00"},{"v":16,"d":"16.00"},{"v":0,"d":"0.00"},{"v":0,"d":"0.00"},{"v":0,"d":"0.00"},{"v":0,"d":"0.00"},{"v":16,"d":"16.00"},{"v":0,"d":"0.00"},{"v":0,"d":"0.00"}]
[24,"东泽公司","纽扣电池","3V, CR2032，5粒装",31,{"$nulls":10},10,15,{"$nulls":3},6,"件",{"v":20,"d":"20.00"},{"v":620,"d":"620.00"},{"v":0,"d":"0.00"},{"v":200,"d":"200.00"},{"v":300,"d":"300.00"},{"v":0,"d":"0.00"},{"v":0,"d":"0.00"},{"v":0,"d":"0.00"},{"v":120,"d":"120.00"}]
[25,"东泽公司","长尾夹","15mm；60只/筒",745,2,10,12,50,null,30,30,10,30,5,123,150,100,65,28,100,"筒",{"v":10,"d":"10.00"},{"v":7450,"d":"7,450.00"},{"v":1790,"d":"1,790.00"},{"v":1230,"d":"1,230.00"},{"v":1500,"d":"1,500.00"},{"v":1000,"d":"1,000.00"},{"v":650,"d":"650.00"},{"v":280,"d":"280.00"},{"v":1000,"d":"1,000.00"},"得力、晨光、金得利"]
[26,"东泽公司","长尾夹","19mm；40只/筒",657,2,10,12,30,null,30,30,10,20,5,133,80,100,63,32,100,"筒",{"v":8,"d":"8.00"},{"v":5256,"d":"5,256.00"},{"v":1192,"d":"1,192.00"},{"v":1064,"d":"1,064.00"},{"v":640,"d":"640.00"},{"v":800,"d":"800.00"},{"v":504,"d":"504.00"},{"v":256,"d":"256.00"},{"v":800,"d":"800.00"},"得力、晨光、金得利"]
[27,"东泽公司","长尾夹","25mm 48只/筒",210,{"$nulls":10},0,80,80,null,null,50,"筒",{"v":14,"d":"14.00"},{"v":2940,"d":"2,940.00"},{"v":0,"d":"0.00"},{"v":0,"d":"0.00"},{"v":1120,"d":"1,120.00"},{"v":1120,"d":"1,120.00"},{"v":0,"d":"0.00"},{"v":0,"d":"0.00"},{"v":700,"d":"700.00"},"得力、晨光、金得利"]
[28,"东泽公司","长尾夹","32mm；24只/筒",585,null,10,12,30,null,30,30,10,10,5,118,80,80,65,25,80,"筒",{"v":12,"d":"12.00"},{"v":7020,"d":"7,020.00"},{"v":1644,"d":"1,644.00"},{"v":1416,"d":"1,416.00"},{"v":960,"d":"960.00"},{"v":960,"d":"960.00"},{"v":780,"d":"780.00"},{"v":300,"d":"300.00"},{"v":960,"d":"960.00"},"得力、晨光、金得利"]
[29,"东泽公司","长尾夹","51mm；12只/筒",460,null,10,10,10,null,30,30,10,2,5,83,70,50,83,7,60,"筒",{"v":15,"d":"15.00"},{"v":6900,"d":"6,900.00"},{"v":1605,"d":"1,605.00"},{"v":1245,"d":"1,245.00"},{"v":1050,"d":"1,050.00"},{"v":750,"d":"750.00"},{"v":1245,"d":"1,245.00"},{"v":105,"d":"105.00"},{"v":900,"d":"900.00"},"得力、晨光、金得利"]
[30,"东泽公司","美工刀","33225，大号，塑料",150,2,5,null,10,{"$nulls":3},5,null,null,34,20,null,45,9,20,"把",{"v":8,"d":"8.00"},{"v":1200,"d":"1,200.00"},{"v":176,"d":"176.00"},{"v":272,"d":"272.00"},{"v":160,"d":"160.00"},{"v":0,"d":"0.00"},{"v":360,"d":"360.00"},{"v":72,"d":"72.00"},{"v":160,"d":"160.00"},"得力、晨光、齐心"]
[31,"东泽公司","笔记本","A5/25k；145mm*212mm；封面仿皮烫银，内页80克道林纸灰色印刷，100页/本，含插销，不少于3个插卡位置，含北京、上海、广州、东莞地铁图",725,10,20,22,20,null,15,15,5,20,10,65,150,100,132,41,100,"本",{"v":30,"d":"30.00"},{"v":21750,"d":"21,750.00"},{"v":4110,"d":"4,110.00"},{"v":1950,"d":"1,950.00"},{"v":4500,"d":"4,500.00"},{"v":3000,"d":"3,000.00"},{"v":3960,"d":"3,960.00"},{"v":1230,"d":"1,230.00"},{"v":3000,"d":"3,000.00"},"任意品牌"]
[32,"东泽公司","软抄本","A5",520,{"$nulls":3},50,{"$nulls":6},125,150,30,87,28,50,"本",{"v":2.5,"d":"2.50"},{"v":1300,"d":"1,300.00"},{"v":125,"d":"125.00"},{"v":312.5,"d":"312.50"},{"v":375,"d":"375.00"},{"v":75,"d":"75.00"},{"v":217.5,"d":"217.50"},{"v":70,"d":"70.00"},{"v":125,"d":"125.00"},"任意品牌"]
[33,"东泽公司","软抄本","A6",115,{"$nulls":3},10,{"$nulls":6},10,40,30,15,null,10,"本",{"v":2,"d":"2.00"},{"v":230,"d":"230.00"},{"v":20,"d":"20.00"},{"v":20,"d":"20.00"},{"v":80,"d":"80.00"},{"v":60,"d":"60.00"},{"v":30,"d":"30.00"},{"v":0,"d":"0.00"},{"v":20,"d":"20.00"},"任意品牌"]
[34,"东泽公司","直尺","30cm；塑料",176,{"$nulls":3},10,3,5,5,null,5,7,24,30,30,34,13,10,"把",{"v":4,"d":"4.00"},{"v":704,"d":"704.00"},{"v":140,"d":"140.00"},{"v":96,"d":"96.00"},{"v":120,"d":"120.00"},{"v":120,"d":"120.00"},{"v":136,"d":"136.00"},{"v":52,"d":"52.00"},{"v":40,"d":"40.00"},"任意品牌"]
[35,"东泽公司","回形针","普通；29mm；100个/盒",891,null,20,10,50,10,15,15,10,50,7,156,100,100,79,69,200,"盒",{"v":2,"d":"2.00"},{"v":1782,"d":"1,782.00"},{"v":374,"d":"374.00"},{"v":312,"d":"312.00"},{"v":200,"d":"200.00"},{"v":200,"d":"200.00"},{"v":158,"d":"158.00"},{"v":138,"d":"138.00"},{"v":400,"d":"400.00"},"任意品牌"]
[36,"东泽公司","回形针","彩色；29mm；100个/盒",395,null,50,null,30,3,10,10,3,3,3,40,100,80,51,12,null,"盒",{"v":2,"d":"2.00"},{"v":790,"d":"790.00"},{"v":224,"d":"224.00"},{"v":80,"d":"80.00"},{"v":200,"d":"200.00"},{"v":160,"d":"160.00"},{"v":102,"d":"102.00"},{"v":24,"d":"24.00"},{"v":0,"d":"0.00"},"任意品牌"]
[37,"东泽公司","复印纸","红色；A4；80g/m2；108um厚；96.4%不透明度；零尘埃度；500张/包；5包/箱",20,{"$nulls":3},5,{"$nulls":6},3,1,5,0,null,6,"包",50,{"v":1000,"d":"1,000.00"},{"v":250,"d":"250.00"},{"v":150,"d":"150.00"},{"v":50,"d":"50.00"},{"v":250,"d":"250.00"},{"v":0,"d":"0.00"},{"v":0,"d":"0.00"},{"v":300,"d":"300.00"},"得力、天章、晨光"," 附第三方检测报告"]
[38,"东泽公司","复印纸","A4；80g/m2；108um厚；96.4%不透明度；零尘埃度；500张/包；5包/箱",1186,{"$nulls":3},300,{"$nulls":6},216,200,120,121,69,160,"箱",{"v":150,"d":"150.00"},{"v":177900,"d":"177,900.00"},{"v":45000,"d":"45,000.00"},{"v":32400,"d":"32,400.00"},{"v":30000,"d":"30,000.00"},{"v":18000,"d":"18,000.00"},{"v":18150,"d":"18,150.00"},{"v":10350,"d":"10,350.00"},{"v":24000,"d":"24,000.00"},"得力、天章、晨光"," 附第三方检测报告"]
[39,"东泽公司","复印纸","A3；80g/m2；108um厚；96.4%不透明度；零尘埃度；500张/包；5包/箱",204,{"$nulls":3},30,{"$nulls":6},62,50,30,15,null,17,"箱",{"v":300,"d":"300.00"},{"v":61200,"d":"61,200.00"},{"v":9000,"d":"9,000.00"},{"v":18600,"d":"18,600.00"},{"v":15000,"d":"15,000.00"},{"v":9000,"d":"9,000.00"},{"v":4500,"d":"4,500.00"},{"v":0,"d":"0.00"},{"v":5100,"d":"5,100.00"},"得力、天章、晨光"," 附第三方检测报告"]
[40,"东泽公司","带孔文件袋","2/3/4孔，100个/包",17,{"$nulls":10},1,0,10,6,null,null,"包",{"v":28,"d":"28.00"},{"v":476,"d":"476.00"},{"v":0,"d":"0.00"},{"v":28,"d":"28.00"},{"v":0,"d":"0.00"},{"v":280,"d":"280.00"},{"v":168,"d":"168.00"},{"v":0,"d":"0.00"},{"v":0,"d":"0.00"},"任意品牌","=DISPIMG(\"ID_D7AE1F2DF30541F397556FF4CB7C4F71\",1)"]
[41,"东泽公司","防水格子袋","A4",814,{"$nulls":3},100,10,20,20,20,20,20,230,80,80,110,24,80,"个",{"v":2,"d":"2.00"},{"v":1628,"d":"1,628.00"},{"v":420,"d":"420.00"},{"v":460,"d":"460.00"},{"v":160,"d":"160.00"},{"v":160,"d":"160.00"},{"v":220,"d":"220.00"},{"v":48,"d":"48.00"},{"v":160,"d":"160.00"},"得力、齐心、广博"]
[42,"东泽公司","文件袋","A5牛皮纸绑扣文件袋",220,{"$nulls":3},30,{"$nulls":6},10,0,null,80,null,100,"个",2,{"v":440,"d":"440.00"},{"v":60,"d":"60.00"},{"v":20,"d":"20.00"},{"v":0,"d":"0.00"},{"v":0,"d":"0.00"},{"v":160,"d":"160.00"},{"v":0,"d":"0.00"},{"v":200,"d":"200.00"},"任意品牌","=DISPIMG(\"ID_73A2F231824848799DB5A59AB9BA20F3\",1)"]
[43,"东泽公司","透明文件袋","A4，按扣，10个装",2235,null,40,10,100,{"$nulls":5},10,190,50,100,185,50,1500,"个",{"v":2,"d":"2.00"},{"v":4470,"d":"4,470.00"},{"v":320,"d":"320.00"},{"v":380,"d":"380.00"},{"v":100,"d":"100.00"},{"v":200,"d":"200.00"},{"v":370,"d":"370.00"},{"v":100,"d":"100.00"},{"v":3000,"d":"3,000.00"},"得力、齐心、晨光"]
[44,"东泽公司","网格文件袋","B5",36,{"$nulls":10},10,0,20,6,null,null,"个",{"v":3,"d":"3.00"},{"v":108,"d":"108.00"},{"v":0,"d":"0.00"},{"v":30,"d":"30.00"},{"v":0,"d":"0.00"},{"v":60,"d":"60.00"},{"v":18,"d":"18.00"},{"v":0,"d":"0.00"},{"v":0,"d":"0.00"},"得力、齐心、广博"]
[45,"东泽公司","网格拉链袋","A3",286,{"$nulls":3},25,{"$nulls":6},120,60,30,11,20,20,"个",{"v":8,"d":"8.00"},{"v":2288,"d":"2,288.00"},{"v":200,"d":"200.00"},{"v":960,"d":"960.00"},{"v":480,"d":"480.00"},{"v":240,"d":"240.00"},{"v":88,"d":"88.00"},{"v":160,"d":"160.00"},{"v":160,"d":"160.00"},"得力、齐心、广博"]
[46,"东泽公司","网格拉链袋","A4",766,null,50,null,100,{"$nulls":6},100,120,100,122,74,100,"个",{"v":5,"d":"5.00"},{"v":3830,"d":"3,830.00"},{"v":750,"d":"750.00"},{"v":500,"d":"500.00"},{"v":600,"d":"600.00"},{"v":500,"d":"500.00"},{"v":610,"d":"610.00"},{"v":370,"d":"370.00"},{"v":500,"d":"500.00"},"得力、齐心、广博"]
[47,"东泽公司","网格拉链袋","A5",30,{"$nulls":10},10,0,20,0,null,null,"个",{"v":3,"d":"3.00"},{"v":90,"d":"90.00"},{"v":0,"d":"0.00"},{"v":30,"d":"30.00"},{"v":0,"d":"0.00"},{"v":60,"d":"60.00"},{"v":0,"d":"0.00"},{"v":0,"d":"0.00"},{"v":0,"d":"0.00"},"得力、齐心、广博"]
[48,"东泽公司","档案袋","340*240*30mm",230,{"$nulls":3},100,{"$nulls":6},90,0,null,40,null,null,"个",{"v":1,"d":"1.00"},{"v":230,"d":"230.00"},{"v":100,"d":"100.00"},{"v":90,"d":"90.00"},{"v":0,"d":"0.00"},{"v":0,"d":"0.00"},{"v":40,"d":"40.00"},{"v":0,"d":"0.00"},{"v":0,"d":"0.00"},"任意品牌"]
[49,"东泽公司","透明胶带","60mm*100y",364,null,null,4,20,{"$nulls":4},5,2,65,60,50,55,3,100,"卷",{"v":9,"d":"9.00"},{"v":3276,"d":"3,276.00"},{"v":279,"d":"279.00"},{"v":585,"d":"585.00"},{"v":540,"d":"540.00"},{"v":450,"d":"450.00"},{"v":495,"d":"495.00"},{"v":27,"d":"27.00"},{"v":900,"d":"900.00"},"任意品牌"]
[50,"东泽公司","便利贴","76*76mm；100张/包；单色",651,null,null,10,100,5,15,15,5,null,5,100,120,80,82,14,100,"包　",{"v":9,"d":"9.00"},{"v":5859,"d":"5,859.00"},{"v":1395,"d":"1,395.00"},{"v":900,"d":"900.00"},{"v":1080,"d":"1,080.00"},{"v":720,"d":"720.00"},{"v":738,"d":"738.00"},{"v":126,"d":"126.00"},{"v":900,"d":"900.00"},"任意品牌"]
[51,"东泽公司","便利标签","76*19mm；四色荧光色；4pcs*100张",534,50,null,10,100,null,10,10,5,null,5,80,60,50,61,43,50,"包",{"v":5,"d":"5.00"},{"v":2670,"d":"2,670.00"},{"v":950,"d":"950.00"},{"v":400,"d":"400.00"},{"v":300,"d":"300.00"},{"v":250,"d":"250.00"},{"v":305,"d":"305.00"},{"v":215,"d":"215.00"},{"v":250,"d":"250.00"},"任意品牌"]
[52,"东泽公司","便利标签","44mm*7mm；半色平头，可书写",464,null,5,12,100,null,25,25,5,null,5,45,50,80,32,30,50,"包",{"v":8,"d":"8.00"},{"v":3712,"d":"3,712.00"},{"v":1416,"d":"1,416.00"},{"v":360,"d":"360.00"},{"v":400,"d":"400.00"},{"v":640,"d":"640.00"},{"v":256,"d":"256.00"},{"v":240,"d":"240.00"},{"v":400,"d":"400.00"},"任意品牌"]
[53,"东泽公司","便利标签","44mm*12mm；纯色透明可书写",547,null,5,12,100,5,30,30,5,80,5,10,100,80,25,30,30,"包",{"v":8,"d":"8.00"},{"v":4376,"d":"4,376.00"},{"v":2176,"d":"2,176.00"},{"v":80,"d":"80.00"},{"v":800,"d":"800.00"},{"v":640,"d":"640.00"},{"v":200,"d":"200.00"},{"v":240,"d":"240.00"},{"v":240,"d":"240.00"},"任意品牌"]
[54,"东泽公司","橡皮擦","2B；32*22*13mm",497,20,5,10,15,6,15,15,5,50,10,65,80,50,77,24,50,"块",{"v":1,"d":"1.00"},{"v":497,"d":"497.00"},{"v":151,"d":"151.00"},{"v":65,"d":"65.00"},{"v":80,"d":"80.00"},{"v":50,"d":"50.00"},{"v":77,"d":"77.00"},{"v":24,"d":"24.00"},{"v":50,"d":"50.00"},"任意品牌"]
[55,"东泽公司","橡筋圈","3214；50g/盒",30,{"$nulls":3},10,{"$nulls":7},10,{"$nulls":3},10,"盒",{"v":7,"d":"7.00"},{"v":210,"d":"210.00"},{"v":70,"d":"70.00"},{"v":0,"d":"0.00"},{"v":70,"d":"70.00"},{"v":0,"d":"0.00"},{"v":0,"d":"0.00"},{"v":0,"d":"0.00"},{"v":70,"d":"70.00"},"任意品牌"]
[56,"东泽公司","大号橡筋圈","扁平条，适用于捆绑文件",20,{"$nulls":11},10,{"$nulls":3},10,"包",{"v":20,"d":"20.00"},{"v":400,"d":"400.00"},{"v":0,"d":"0.00"},{"v":0,"d":"0.00"},{"v":200,"d":"200.00"},{"v":0,"d":"0.00"},{"v":0,"d":"0.00"},{"v":0,"d":"0.00"},{"v":200,"d":"200.00"},"任意品牌"]
[57,"东泽公司","塑料笔筒","92*92*105mm，多功能笔筒",138,{"$nulls":3},50,2,{"$nulls":4},3,null,30,30,12,5,6,"个",{"v":12,"d":"12.00"},{"v":1656,"d":"1,656.00"},{"v":660,"d":"660.00"},{"v":0,"d":"0.00"},{"v":360,"d":"360.00"},{"v":360,"d":"360.00"},{"v":144,"d":"144.00"},{"v":60,"d":"60.00"},{"v":72,"d":"72.00"},"任意品牌"]
[58,"东泽公司","透明书写板","315*225mm",473,{"$nulls":3},10,5,{"$nulls":3},10,3,83,120,80,68,34,60,"块",{"v":10,"d":"10.00"},{"v":4730,"d":"4,730.00"},{"v":280,"d":"280.00"},{"v":830,"d":"830.00"},{"v":1200,"d":"1,200.00"},{"v":800,"d":"800.00"},{"v":680,"d":"680.00"},{"v":340,"d":"340.00"},{"v":600,"d":"600.00"},"得力、齐心、晨光","适用于A4纸"]
[59,"东泽公司","三格文件架","三联；加厚；PP材质；314*258*262mm（蓝色）",97,null,5,null,20,{"$nulls":5},2,5,30,30,0,null,5,"个",{"v":28,"d":"28.00"},{"v":2716,"d":"2,716.00"},{"v":756,"d":"756.00"},{"v":140,"d":"140.00"},{"v":840,"d":"840.00"},{"v":840,"d":"840.00"},{"v":0,"d":"0.00"},{"v":0,"d":"0.00"},{"v":140,"d":"140.00"},"任意品牌"]
[60,"东泽公司","三层文件架","三层；加厚；PP材质；338*260*260mm（蓝色）",133,null,5,null,20,{"$nulls":5},2,16,30,30,20,5,5,"个",{"v":35,"d":"35.00"},{"v":4655,"d":"4,655.00"},{"v":945,"d":"945.00"},{"v":560,"d":"560.00"},{"v":1050,"d":"1,050.00"},{"v":1050,"d":"1,050.00"},{"v":700,"d":"700.00"},{"v":175,"d":"175.00"},{"v":175,"d":"175.00"},"任意品牌"]
[61,"东泽公司","削笔器","可调粗细手摇",47,2,null,2,3,{"$nulls":6},10,8,null,10,2,10,"个",{"v":40,"d":"40.00"},{"v":1880,"d":"1,880.00"},{"v":280,"d":"280.00"},{"v":400,"d":"400.00"},{"v":320,"d":"320.00"},{"v":0,"d":"0.00"},{"v":400,"d":"400.00"},{"v":80,"d":"80.00"},{"v":400,"d":"400.00"},"任意品牌"]
[62,"东泽公司","取订器",null,256,null,5,4,6,null,15,15,5,null,3,43,50,50,27,3,30,"个",{"v":5,"d":"5.00"},{"v":1280,"d":"1,280.00"},{"v":265,"d":"265.00"},{"v":215,"d":"215.00"},{"v":250,"d":"250.00"},{"v":250,"d":"250.00"},{"v":135,"d":"135.00"},{"v":15,"d":"15.00"},{"v":150,"d":"150.00"},"任意品牌"]
[63,"东泽公司","印台","朱肉；φ80mm",118,15,null,null,30,{"$nulls":4},2,null,10,12,10,3,6,30,"个",{"v":42,"d":"42.00"},{"v":4956,"d":"4,956.00"},{"v":1974,"d":"1,974.00"},{"v":420,"d":"420.00"},{"v":504,"d":"504.00"},{"v":420,"d":"420.00"},{"v":126,"d":"126.00"},{"v":252,"d":"252.00"},{"v":1260,"d":"1,260.00"}]
[64,"东泽公司","印油","30g；明色朱液",36,3,null,null,30,{"$nulls":6},0,0,null,0,3,null,"瓶",{"v":20,"d":"20.00"},{"v":720,"d":"720.00"},{"v":660,"d":"660.00"},{"v":0,"d":"0.00"},{"v":0,"d":"0.00"},{"v":0,"d":"0.00"},{"v":0,"d":"0.00"},{"v":60,"d":"60.00"},{"v":0,"d":"0.00"}]
[65,"东泽公司","印油","回墨印油，颜色：红色",32,2,{"$nulls":9},2,4,10,4,null,10,"瓶",30,{"v":960,"d":"960.00"},{"v":60,"d":"60.00"},{"v":60,"d":"60.00"},{"v":120,"d":"120.00"},{"v":300,"d":"300.00"},{"v":120,"d":"120.00"},{"v":0,"d":"0.00"},{"v":300,"d":"300.00"},"任意品牌"]
[66,"东泽公司","印章","内容“此复印件与原件相同”字样，颜色：蓝色",21,1,null,null,2,{"$nulls":4},1,null,1,5,null,3,4,4,"个",50,{"v":1050,"d":"1,050.00"},{"v":200,"d":"200.00"},{"v":50,"d":"50.00"},{"v":250,"d":"250.00"},{"v":0,"d":"0.00"},{"v":150,"d":"150.00"},{"v":200,"d":"200.00"},{"v":200,"d":"200.00"},"任意品牌","=DISPIMG(\"ID_7404AD1EE9D84D21BB3F64C702F982C2\",1)"]
[67,"东泽公司","印章","内容“现金付讫”字样，颜色：红色",8,1,{"$nulls":7},1,null,1,0,null,1,4,null,"个",50,{"v":400,"d":"400.00"},{"v":100,"d":"100.00"},{"v":50,"d":"50.00"},{"v":0,"d":"0.00"},{"v":0,"d":"0.00"},{"v":50,"d":"50.00"},{"v":200,"d":"200.00"},{"v":0,"d":"0.00"},"任意品牌","=DISPIMG(\"ID_B076625E213C43EAA1D10C868E28329D\",1)"]
[68,"东泽公司","印章","内容“微信付讫”字样，颜色：红色",2,{"$nulls":10},1,0,null,1,null,null,"个",50,{"v":100,"d":"100.00"},{"v":0,"d":"0.00"},{"v":50,"d":"50.00"},{"v":0,"d":"0.00"},{"v":0,"d":"0.00"},{"v":50,"d":"50.00"},{"v":0,"d":"0.00"},{"v":0,"d":"0.00"},"任意品牌","=DISPIMG(\"ID_478F6CF8E0DC44DB8180B89775181B48\",1)"]
[69,"东泽公司","印章","内容“作废”字样，颜色：红色",15,2,null,null,2,{"$nulls":4},1,null,2,5,null,3,null,null,"个",25,{"v":375,"d":"375.00"},{"v":125,"d":"125.00"},{"v":50,"d":"50.00"},{"v":125,"d":"125.00"},{"v":0,"d":"0.00"},{"v":75,"d":"75.00"},{"v":0,"d":"0.00"},{"v":0,"d":"0.00"},"任意品牌","=DISPIMG(\"ID_6F5488FF6F85493E9176E0B8A6DE072E\",1)"]
[70,"东泽公司","印章垫","财务印章专用垫，软胶垫，厚4mm，直径16-18cm，折痕少，弹性好",21,3,null,null,5,{"$nulls":4},1,null,0,5,null,1,null,6,"个",20,{"v":420,"d":"420.00"},{"v":180,"d":"180.00"},{"v":0,"d":"0.00"},{"v":100,"d":"100.00"},{"v":0,"d":"0.00"},{"v":20,"d":"20.00"},{"v":0,"d":"0.00"},{"v":120,"d":"120.00"},"任意品牌"]
[71,"东泽公司","信封","大A4",1000,{"$nulls":3},200,{"$nulls":4},300,null,0,200,null,100,null,200,"个",{"v":0.6,"d":"0.60"},{"v":600,"d":"600.00"},{"v":300,"d":"300.00"},{"v":0,"d":"0.00"},{"v":120,"d":"120.00"},{"v":0,"d":"0.00"},{"v":60,"d":"60.00"},{"v":0,"d":"0.00"},{"v":120,"d":"120.00"},"任意品牌"]
[72,"东泽公司","排插","GN-B3440；8位；总控；1.8米",240,null,2,null,30,1,5,5,2,null,2,56,40,40,18,9,30,"个",{"v":50,"d":"50.00"},{"v":12000,"d":"12,000.00"},{"v":2350,"d":"2,350.00"},{"v":2800,"d":"2,800.00"},{"v":2000,"d":"2,000.00"},{"v":2000,"d":"2,000.00"},{"v":900,"d":"900.00"},{"v":450,"d":"450.00"},{"v":1500,"d":"1,500.00"},"公牛、飞利浦、小米"]
[73,"东泽公司","排插","GN-B3043；4位；分控；1.8米",139,1,2,null,5,null,5,5,null,null,1,47,0,30,9,14,20,"个",{"v":40,"d":"40.00"},{"v":5560,"d":"5,560.00"},{"v":760,"d":"760.00"},{"v":1880,"d":"1,880.00"},{"v":0,"d":"0.00"},{"v":1200,"d":"1,200.00"},{"v":360,"d":"360.00"},{"v":560,"d":"560.00"},{"v":800,"d":"800.00"},"公牛、飞利浦、小米"]
[74,"东泽公司","排插","GN-B333U；USB插座；6位；总控；1.8米",167,{"$nulls":3},30,null,5,5,null,null,1,10,10,40,26,20,20,"个",100,{"v":16700,"d":"16,700.00"},{"v":4100,"d":"4,100.00"},{"v":1000,"d":"1,000.00"},{"v":1000,"d":"1,000.00"},{"v":4000,"d":"4,000.00"},{"v":2600,"d":"2,600.00"},{"v":2000,"d":"2,000.00"},{"v":2000,"d":"2,000.00"},"公牛、飞利浦、小米","=DISPIMG(\"ID_55D181D5F356488896A41E9AB998E608\",1)"]
[75,"东泽公司","排插","4位；总控；3米",30,{"$nulls":11},30,{"$nulls":4},"个",40,{"v":1200,"d":"1,200.00"},{"v":0,"d":"0.00"},{"v":0,"d":"0.00"},{"v":1200,"d":"1,200.00"},{"v":0,"d":"0.00"},{"v":0,"d":"0.00"},{"v":0,"d":"0.00"},{"v":0,"d":"0.00"},"任意品牌"]
[76,"东泽公司","胶水","100ml",185,null,null,6,50,null,10,10,{"$nulls":3},30,0,null,26,3,50,"支",{"v":3,"d":"3.00"},{"v":555,"d":"555.00"},{"v":228,"d":"228.00"},{"v":90,"d":"90.00"},{"v":0,"d":"0.00"},{"v":0,"d":"0.00"},{"v":78,"d":"78.00"},{"v":9,"d":"9.00"},{"v":150,"d":"150.00"},"任意品牌"]
[77,"东泽公司","液体胶水","50ml, 海绵头",140,{"$nulls":10},10,30,{"$nulls":3},100,"支",{"v":2,"d":"2.00"},{"v":280,"d":"280.00"},{"v":0,"d":"0.00"},{"v":20,"d":"20.00"},{"v":60,"d":"60.00"},{"v":0,"d":"0.00"},{"v":0,"d":"0.00"},{"v":0,"d":"0.00"},{"v":200,"d":"200.00"},"任意品牌"]
[78,"东泽公司","磁吸","30mm,一排12个",115,null,2,null,3,{"$nulls":6},70,10,null,15,5,10,"排",{"v":8,"d":"8.00"},{"v":920,"d":"920.00"},{"v":40,"d":"40.00"},{"v":560,"d":"560.00"},{"v":80,"d":"80.00"},{"v":0,"d":"0.00"},{"v":120,"d":"120.00"},{"v":40,"d":"40.00"},{"v":80,"d":"80.00"},"任意品牌"]
[79,"东泽公司","长方形塑料A4文件篮子","30cm*21cm",152,{"$nulls":10},60,20,50,2,null,20,"个",{"v":15,"d":"15.00"},{"v":2280,"d":"2,280.00"},{"v":0,"d":"0.00"},{"v":900,"d":"900.00"},{"v":300,"d":"300.00"},{"v":750,"d":"750.00"},{"v":30,"d":"30.00"},{"v":0,"d":"0.00"},{"v":300,"d":"300.00"},"任意品牌"]
[80,"东泽公司","剪刀","170MM",271,null,6,4,50,null,5,5,5,5,null,55,20,50,34,12,20,"把",{"v":6,"d":"6.00"},{"v":1626,"d":"1,626.00"},{"v":480,"d":"480.00"},{"v":330,"d":"330.00"},{"v":120,"d":"120.00"},{"v":300,"d":"300.00"},{"v":204,"d":"204.00"},{"v":72,"d":"72.00"},{"v":120,"d":"120.00"},"任意品牌"]
[81,"东泽公司","笔筒",null,220,{"$nulls":5},5,5,{"$nulls":3},80,60,50,7,3,10,"个",{"v":10,"d":"10.00"},{"v":2200,"d":"2,200.00"},{"v":100,"d":"100.00"},{"v":800,"d":"800.00"},{"v":600,"d":"600.00"},{"v":500,"d":"500.00"},{"v":70,"d":"70.00"},{"v":30,"d":"30.00"},{"v":100,"d":"100.00"},"任意品牌"]
[82,"东泽公司","档案盒","A4-35mm；颜色：蓝色；尺寸320mm*235mm",70,{"$nulls":3},20,{"$nulls":6},10,0,null,0,20,20,"个",8,{"v":560,"d":"560.00"},{"v":160,"d":"160.00"},{"v":80,"d":"80.00"},{"v":0,"d":"0.00"},{"v":0,"d":"0.00"},{"v":0,"d":"0.00"},{"v":160,"d":"160.00"},{"v":160,"d":"160.00"},"任意品牌","=DISPIMG(\"ID_BC18B83C934042748961EB5419676A92\",1)"]
[83,"东泽公司","档案盒","55mm；粘扣式；蓝色",200,{"$nulls":10},180,0,null,0,null,20,"个",{"v":8,"d":"8.00"},{"v":1600,"d":"1,600.00"},{"v":0,"d":"0.00"},{"v":1440,"d":"1,440.00"},{"v":0,"d":"0.00"},{"v":0,"d":"0.00"},{"v":0,"d":"0.00"},{"v":0,"d":"0.00"},{"v":160,"d":"160.00"},"任意品牌","=DISPIMG(\"ID_E00AF6D906B04D80B30141FAB44EC663\",1)"]
[84,"东泽公司","档案盒","55mm；磁扣式；蓝色",330,{"$nulls":10},180,0,null,150,null,null,"个",{"v":23,"d":"23.00"},{"v":7590,"d":"7,590.00"},{"v":0,"d":"0.00"},{"v":4140,"d":"4,140.00"},{"v":0,"d":"0.00"},{"v":0,"d":"0.00"},{"v":3450,"d":"3,450.00"},{"v":0,"d":"0.00"},{"v":0,"d":"0.00"},"任意品牌","=DISPIMG(\"ID_BCC95014FCCC41F3B6BBA34DF4AF462E\",1)"]
[85,"东泽公司","档案盒","A4；75mm；PP材质；蓝色；硬纸板；带夹",1081,null,20,null,50,10,20,20,10,200,5,40,200,200,10,96,200,"个",{"v":28,"d":"28.00"},{"v":30268,"d":"30,268.00"},{"v":9380,"d":"9,380.00"},{"v":1120,"d":"1,120.00"},{"v":5600,"d":"5,600.00"},{"v":5600,"d":"5,600.00"},{"v":280,"d":"280.00"},{"v":2688,"d":"2,688.00"},{"v":5600,"d":"5,600.00"},"任意品牌","=DISPIMG(\"ID_18318ED1E1234D79B44E45F9AD5A2AA3\",1)"]
[86,"东泽公司","快劳文件夹","背宽73mm，塑料款，蓝色",40,{"$nulls":10},0,40,null,0,null,null,"个",20,{"v":800,"d":"800.00"},{"v":0,"d":"0.00"},{"v":0,"d":"0.00"},{"v":800,"d":"800.00"},{"v":0,"d":"0.00"},{"v":0,"d":"0.00"},{"v":0,"d":"0.00"},{"v":0,"d":"0.00"},"任意品牌","=DISPIMG(\"ID_C8346DAA861B46128AF56C505BE4CF26\",1)"]
[87,"东泽公司","档案盒","A4牛皮纸档案盒，背宽20，材料厚度0.9mm.；无酸纸",60,{"$nulls":10},0,0,null,0,60,null,"个",{"v":6.5,"d":"6.50"},{"v":390,"d":"390.00"},{"v":0,"d":"0.00"},{"v":0,"d":"0.00"},{"v":0,"d":"0.00"},{"v":0,"d":"0.00"},{"v":0,"d":"0.00"},{"v":390,"d":"390.00"},{"v":0,"d":"0.00"},"任意品牌"]
[88,"东泽公司","档案盒","A4牛皮纸档案盒，背宽30，材料厚度0.9mm.；无酸纸",520,{"$nulls":10},50,400,null,0,70,null,"个",{"v":7,"d":"7.00"},{"v":3640,"d":"3,640.00"},{"v":0,"d":"0.00"},{"v":350,"d":"350.00"},{"v":2800,"d":"2,800.00"},{"v":0,"d":"0.00"},{"v":0,"d":"0.00"},{"v":490,"d":"490.00"},{"v":0,"d":"0.00"},"任意品牌"]
[89,"东泽公司","档案盒","A4牛皮纸档案盒，背宽50mm，材料厚度0.9mm.；无酸纸",1035,null,20,{"$nulls":8},200,400,null,150,165,100,"个",{"v":10,"d":"10.00"},{"v":10350,"d":"10,350.00"},{"v":200,"d":"200.00"},{"v":2000,"d":"2,000.00"},{"v":4000,"d":"4,000.00"},{"v":0,"d":"0.00"},{"v":1500,"d":"1,500.00"},{"v":1650,"d":"1,650.00"},{"v":1000,"d":"1,000.00"},"任意品牌"]
[90,"东泽公司","档案盒","A4牛皮纸档案盒，背宽80mm，材料厚度0.9mm.；无酸纸",305,null,30,{"$nulls":8},65,50,null,0,110,50,"个",{"v":10,"d":"10.00"},{"v":3050,"d":"3,050.00"},{"v":300,"d":"300.00"},{"v":650,"d":"650.00"},{"v":500,"d":"500.00"},{"v":0,"d":"0.00"},{"v":0,"d":"0.00"},{"v":1100,"d":"1,100.00"},{"v":500,"d":"500.00"},"任意品牌"]
[91,"东泽公司","档案盒","A4牛皮纸档案盒，背宽100mm，材料厚度0.9mm.；无酸纸",340,null,10,{"$nulls":6},50,null,20,0,50,100,60,50,"个",10,{"v":3400,"d":"3,400.00"},{"v":600,"d":"600.00"},{"v":200,"d":"200.00"},{"v":0,"d":"0.00"},{"v":500,"d":"500.00"},{"v":1000,"d":"1,000.00"},{"v":600,"d":"600.00"},{"v":500,"d":"500.00"},"任意品牌"]
[92,"东泽公司"," 档案盒"," A4无酸纸档案盒，侧脊50mm，材料厚度8mm-10mm；文书档案盒",655,{"$nulls":8},50,null,400,0,80,0,75,50,"个",8,{"v":5240,"d":"5,240.00"},{"v":400,"d":"400.00"},{"v":3200,"d":"3,200.00"},{"v":0,"d":"0.00"},{"v":640,"d":"640.00"},{"v":0,"d":"0.00"},{"v":600,"d":"600.00"},{"v":400,"d":"400.00"},"任意品牌"]
[93,"东泽公司","投票箱","30cm*30cm；六面全红无字，铝合金，亚克力面板，推拉门设计，透明",4,{"$nulls":10},1,0,null,1,null,2,"个",{"v":45,"d":"45.00"},{"v":180,"d":"180.00"},{"v":0,"d":"0.00"},{"v":45,"d":"45.00"},{"v":0,"d":"0.00"},{"v":0,"d":"0.00"},{"v":45,"d":"45.00"},{"v":0,"d":"0.00"},{"v":90,"d":"90.00"},"任意品牌","=DISPIMG(\"ID_C69EE7790DCC4A0AA8DB1DA80E846917\",1)"]
[94,"东泽公司","白板磁条"," 蓝色；15*200mm；20根一包",44,{"$nulls":3},5,{"$nulls":4},2,null,13,0,10,3,1,10,"包",{"v":50,"d":"50.00"},{"v":2200,"d":"2,200.00"},{"v":350,"d":"350.00"},{"v":650,"d":"650.00"},{"v":0,"d":"0.00"},{"v":500,"d":"500.00"},{"v":150,"d":"150.00"},{"v":50,"d":"50.00"},{"v":500,"d":"500.00"},"任意品牌"]
[95,"东泽公司","过塑机","a3；七档调节；速度460mm/min",0,{"$nulls":10},0,0,null,0,null,null,"台",{"v":429,"d":"429.00"},{"v":0,"d":"0.00"},{"v":0,"d":"0.00"},{"v":0,"d":"0.00"},{"v":0,"d":"0.00"},{"v":0,"d":"0.00"},{"v":0,"d":"0.00"},{"v":0,"d":"0.00"},{"v":0,"d":"0.00"},"任意品牌"]
[96,"东泽公司","过塑膜","220*305mm；A4/7C；100张/包",29,{"$nulls":10},2,2,10,3,2,10,"包",{"v":42,"d":"42.00"},{"v":1218,"d":"1,218.00"},{"v":0,"d":"0.00"},{"v":84,"d":"84.00"},{"v":84,"d":"84.00"},{"v":420,"d":"420.00"},{"v":126,"d":"126.00"},{"v":84,"d":"84.00"},{"v":420,"d":"420.00"},"任意品牌"]
[97,"东泽公司","高粘性双面胶","18MM*9Y",257,null,null,6,{"$nulls":5},10,2,42,50,50,35,12,50,"卷",{"v":2,"d":"2.00"},{"v":514,"d":"514.00"},{"v":36,"d":"36.00"},{"v":84,"d":"84.00"},{"v":100,"d":"100.00"},{"v":100,"d":"100.00"},{"v":70,"d":"70.00"},{"v":24,"d":"24.00"},{"v":100,"d":"100.00"},"任意品牌"]
[98,"东泽公司","泡沫双面胶","36mm*5y 10卷装",200,{"$nulls":9},2,40,40,40,30,8,40,"条",{"v":35,"d":"35.00"},{"v":7000,"d":"7,000.00"},{"v":70,"d":"70.00"},{"v":1400,"d":"1,400.00"},{"v":1400,"d":"1,400.00"},{"v":1400,"d":"1,400.00"},{"v":1050,"d":"1,050.00"},{"v":280,"d":"280.00"},{"v":1400,"d":"1,400.00"},"任意品牌","=DISPIMG(\"ID_3724C16C49C645DF888CF9E99FA96231\",1)"]
[99,"东泽公司","钥匙牌","24个/筒",32,null,null,1,{"$nulls":5},5,5,2,3,10,1,null,5,"盒",{"v":20,"d":"20.00"},{"v":640,"d":"640.00"},{"v":220,"d":"220.00"},{"v":40,"d":"40.00"},{"v":60,"d":"60.00"},{"v":200,"d":"200.00"},{"v":20,"d":"20.00"},{"v":0,"d":"0.00"},{"v":100,"d":"100.00"},"任意品牌","=DISPIMG(\"ID_31053F4E75994DBE82BED410CF0D9F18\",1)"]
[100,"东泽公司","白板笔","10支/盒（黑色、蓝色、红色、绿色、黄色）",123,null,1,null,30,1,1,1,null,5,null,13,10,null,25,26,10,"盒",{"v":12,"d":"12.00"},{"v":1476,"d":"1,476.00"},{"v":468,"d":"468.00"},{"v":156,"d":"156.00"},{"v":120,"d":"120.00"},{"v":0,"d":"0.00"},{"v":300,"d":"300.00"},{"v":312,"d":"312.00"},{"v":120,"d":"120.00"},"得力、晨光、金得利","=DISPIMG(\"ID_D6C39A65F68D47CBA11C7BE80C4D068B\",1)"]
[101,"东泽公司","硬盘包","1T、2T",51,{"$nulls":9},5,20,20,null,6,null,null,"个",{"v":22,"d":"22.00"},{"v":1122,"d":"1,122.00"},{"v":110,"d":"110.00"},{"v":440,"d":"440.00"},{"v":440,"d":"440.00"},{"v":0,"d":"0.00"},{"v":132,"d":"132.00"},{"v":0,"d":"0.00"},{"v":0,"d":"0.00"},"任意品牌"]
[102,"东泽公司","订书钉","不锈钢10#",414,{"$nulls":3},50,{"$nulls":4},15,5,85,0,80,59,null,120,"盒",{"v":4,"d":"4.00"},{"v":1656,"d":"1,656.00"},{"v":280,"d":"280.00"},{"v":340,"d":"340.00"},{"v":0,"d":"0.00"},{"v":320,"d":"320.00"},{"v":236,"d":"236.00"},{"v":0,"d":"0.00"},{"v":480,"d":"480.00"},"任意品牌"]
[103,"东泽公司","订书钉","不锈钢12#",539,{"$nulls":3},50,15,50,50,15,15,5,27,100,40,82,30,60,"盒",{"v":4.5,"d":"4.50"},{"v":2425.5,"d":"2,425.50"},{"v":900,"d":"900.00"},{"v":121.5,"d":"121.50"},{"v":450,"d":"450.00"},{"v":180,"d":"180.00"},{"v":369,"d":"369.00"},{"v":135,"d":"135.00"},{"v":270,"d":"270.00"},"任意品牌"]
[104,"东泽公司","订书钉","24/8",30,{"$nulls":11},30,{"$nulls":4},"盒",{"v":4.5,"d":"4.50"},{"v":135,"d":"135.00"},{"v":0,"d":"0.00"},{"v":0,"d":"0.00"},{"v":135,"d":"135.00"},{"v":0,"d":"0.00"},{"v":0,"d":"0.00"},{"v":0,"d":"0.00"},{"v":0,"d":"0.00"},"任意品牌"]
[105,"东泽公司","旋转订书机","得力0414",33,{"$nulls":10},7,5,null,11,null,10,"个",{"v":16,"d":"16.00"},{"v":528,"d":"528.00"},{"v":0,"d":"0.00"},{"v":112,"d":"112.00"},{"v":80,"d":"80.00"},{"v":0,"d":"0.00"},{"v":176,"d":"176.00"},{"v":0,"d":"0.00"},{"v":160,"d":"160.00"},"任意品牌","=DISPIMG(\"ID_FC255907A50E41CA8A9B9608053CC2C4\",1)"]
[106,"东泽公司","重型订书机","210页简约重型订书机",16,{"$nulls":3},1,{"$nulls":4},1,null,4,3,3,2,null,2,"个",{"v":108,"d":"108.00"},{"v":1728,"d":"1,728.00"},{"v":216,"d":"216.00"},{"v":432,"d":"432.00"},{"v":324,"d":"324.00"},{"v":324,"d":"324.00"},{"v":216,"d":"216.00"},{"v":0,"d":"0.00"},{"v":216,"d":"216.00"},"任意品牌","=DISPIMG(\"ID_42293A8C3D654EFD8FCA920078B3149F\",1)"]
[107,"东泽公司","文件索引纸","A4，五色",196,{"$nulls":8},50,null,60,10,10,50,6,10,"包",{"v":10,"d":"10.00"},{"v":1960,"d":"1,960.00"},{"v":500,"d":"500.00"},{"v":600,"d":"600.00"},{"v":100,"d":"100.00"},{"v":100,"d":"100.00"},{"v":500,"d":"500.00"},{"v":60,"d":"60.00"},{"v":100,"d":"100.00"},"任意品牌","=DISPIMG(\"ID_04FB2A9EB4F04A58B98F30BD143BB3C7\",1)"]
[108,"东泽公司","胶带座","适用宽度≤2cm、1.8cm",34,{"$nulls":8},2,3,15,0,10,0,null,4,"个",{"v":20,"d":"20.00"},{"v":680,"d":"680.00"},{"v":100,"d":"100.00"},{"v":300,"d":"300.00"},{"v":0,"d":"0.00"},{"v":200,"d":"200.00"},{"v":0,"d":"0.00"},{"v":0,"d":"0.00"},{"v":80,"d":"80.00"},"任意品牌","=DISPIMG(\"ID_BD89613B9EEE415E95476F0AF7E7169C\",1)"]
[109,"东泽公司","档案盒脊背标签贴纸","A4,白色3.8厘米，50张一包",38,null,2,{"$nulls":6},3,2,9,10,null,2,5,5,"包",{"v":30,"d":"30.00"},{"v":1140,"d":"1,140.00"},{"v":210,"d":"210.00"},{"v":270,"d":"270.00"},{"v":300,"d":"300.00"},{"v":0,"d":"0.00"},{"v":60,"d":"60.00"},{"v":150,"d":"150.00"},{"v":150,"d":"150.00"},"任意品牌"]
[110,"东泽公司","档案盒脊背标签贴纸","A4,牛皮色2厘米，50张一包",15,{"$nulls":8},3,2,0,0,null,0,5,5,"包",{"v":30,"d":"30.00"},{"v":450,"d":"450.00"},{"v":150,"d":"150.00"},{"v":0,"d":"0.00"},{"v":0,"d":"0.00"},{"v":0,"d":"0.00"},{"v":0,"d":"0.00"},{"v":150,"d":"150.00"},{"v":150,"d":"150.00"},"任意品牌"]
[111,"东泽公司","裁纸机","8004 材质：木质；颜色：原木色300mm*250mm",7,{"$nulls":3},1,{"$nulls":6},5,1,null,0,null,null,"台",{"v":100,"d":"100.00"},{"v":700,"d":"700.00"},{"v":100,"d":"100.00"},{"v":500,"d":"500.00"},{"v":100,"d":"100.00"},{"v":0,"d":"0.00"},{"v":0,"d":"0.00"},{"v":0,"d":"0.00"},{"v":0,"d":"0.00"},"任意品牌"]
[112,"东泽公司","翻页笔","2802专用PPT激光翻页笔/无线演示器课件笔 红光",49,{"$nulls":3},5,{"$nulls":6},4,0,30,0,null,10,"支",{"v":40,"d":"40.00"},{"v":1960,"d":"1,960.00"},{"v":200,"d":"200.00"},{"v":160,"d":"160.00"},{"v":0,"d":"0.00"},{"v":1200,"d":"1,200.00"},{"v":0,"d":"0.00"},{"v":0,"d":"0.00"},{"v":400,"d":"400.00"},"任意品牌"]
[113,"东泽公司","工位牌","挂式（20x12cm)",97,10,5,{"$nulls":3},5,5,null,5,2,5,0,null,20,40,0,"个",{"v":30,"d":"30.00"},{"v":2910,"d":"2,910.00"},{"v":960,"d":"960.00"},{"v":150,"d":"150.00"},{"v":0,"d":"0.00"},{"v":0,"d":"0.00"},{"v":600,"d":"600.00"},{"v":1200,"d":"1,200.00"},{"v":0,"d":"0.00"},"任意品牌","=DISPIMG(\"ID_9CDBB603BCC54BD29FD75A65A5227045\",1)"]
[114,"东泽公司","报刊展示架",null,9,{"$nulls":10},5,0,null,0,null,4,"个",{"v":200,"d":"200.00"},{"v":1800,"d":"1,800.00"},{"v":0,"d":"0.00"},{"v":1000,"d":"1,000.00"},{"v":0,"d":"0.00"},{"v":0,"d":"0.00"},{"v":0,"d":"0.00"},{"v":0,"d":"0.00"},{"v":800,"d":"800.00"},"任意品牌"]
[115,"东泽公司","打孔器","孔径：6mm,单次可打纸张：不少于10张",13,{"$nulls":3},5,{"$nulls":4},1,null,3,3,null,1,null,null,"个",{"v":15,"d":"15.00"},{"v":195,"d":"195.00"},{"v":90,"d":"90.00"},{"v":45,"d":"45.00"},{"v":45,"d":"45.00"},{"v":0,"d":"0.00"},{"v":15,"d":"15.00"},{"v":0,"d":"0.00"},{"v":0,"d":"0.00"},"任意品牌"]
[116,"东泽公司","文具胶带","15mm*40y",125,{"$nulls":3},10,{"$nulls":6},15,50,50,0,null,null,"卷",{"v":1.5,"d":"1.50"},{"v":187.5,"d":"187.50"},{"v":15,"d":"15.00"},{"v":22.5,"d":"22.50"},{"v":75,"d":"75.00"},{"v":75,"d":"75.00"},{"v":0,"d":"0.00"},{"v":0,"d":"0.00"},{"v":0,"d":"0.00"},"任意品牌"]
[117,"东泽公司","钥匙管理箱","72位；钥匙箱带锁；9324#；可固定墙体",7,{"$nulls":10},2,1,2,2,null,null,"个",{"v":250,"d":"250.00"},{"v":1750,"d":"1,750.00"},{"v":0,"d":"0.00"},{"v":500,"d":"500.00"},{"v":250,"d":"250.00"},{"v":500,"d":"500.00"},{"v":500,"d":"500.00"},{"v":0,"d":"0.00"},{"v":0,"d":"0.00"},"任意品牌","=DISPIMG(\"ID_C3A309545FAF43D2B7816D0E9DA75F6F\",1)"]
[118,"东泽公司","资料册","A4/40页",30,null,10,{"$nulls":8},0,10,null,2,4,4,"个",{"v":10,"d":"10.00"},{"v":300,"d":"300.00"},{"v":100,"d":"100.00"},{"v":0,"d":"0.00"},{"v":100,"d":"100.00"},{"v":0,"d":"0.00"},{"v":20,"d":"20.00"},{"v":40,"d":"40.00"},{"v":40,"d":"40.00"},"任意品牌"]
[119,"东泽公司","资料册","A4/80页",18,null,5,{"$nulls":8},0,5,null,1,3,4,"个",{"v":25,"d":"25.00"},{"v":450,"d":"450.00"},{"v":125,"d":"125.00"},{"v":0,"d":"0.00"},{"v":125,"d":"125.00"},{"v":0,"d":"0.00"},{"v":25,"d":"25.00"},{"v":75,"d":"75.00"},{"v":100,"d":"100.00"},"任意品牌"]
[120,"东泽公司","自动号码机","小型手持6位，含印章垫、印油、储墨垫",6,{"$nulls":10},0,0,null,1,1,4,"个",{"v":98,"d":"98.00"},{"v":588,"d":"588.00"},{"v":0,"d":"0.00"},{"v":0,"d":"0.00"},{"v":0,"d":"0.00"},{"v":0,"d":"0.00"},{"v":98,"d":"98.00"},{"v":98,"d":"98.00"},{"v":392,"d":"392.00"},"任意品牌"]
[121,"东泽公司","文书档案装订专用缝纫机","A4纸文件资料线装机 吃厚30页",1,{"$nulls":10},0,0,null,1,null,null,"个",{"v":1600,"d":"1,600.00"},{"v":1600,"d":"1,600.00"},{"v":0,"d":"0.00"},{"v":0,"d":"0.00"},{"v":0,"d":"0.00"},{"v":0,"d":"0.00"},{"v":1600,"d":"1,600.00"},{"v":0,"d":"0.00"},{"v":0,"d":"0.00"},"任意品牌"]
[122,"东泽公司","移动白板","120*240cm，带磁，板面颜色：白色，安装方式：H型支架，类型：支架白板",9,{"$nulls":5},1,{"$nulls":4},6,0,null,2,null,null,"个",{"v":600,"d":"600.00"},{"v":5400,"d":"5,400.00"},{"v":600,"d":"600.00"},{"v":3600,"d":"3,600.00"},{"v":0,"d":"0.00"},{"v":0,"d":"0.00"},{"v":1200,"d":"1,200.00"},{"v":0,"d":"0.00"},{"v":0,"d":"0.00"},"任意品牌"]
[123,"东泽公司","移动白板","150*90cmH型支架式白板， 双面书写可移动升降",9,null,1,{"$nulls":4},1,{"$nulls":3},3,2,null,2,null,null,"个",{"v":400,"d":"400.00"},{"v":3600,"d":"3,600.00"},{"v":800,"d":"800.00"},{"v":1200,"d":"1,200.00"},{"v":800,"d":"800.00"},{"v":0,"d":"0.00"},{"v":800,"d":"800.00"},{"v":0,"d":"0.00"},{"v":0,"d":"0.00"},"任意品牌"]
[124,"东泽公司","白板","33370,120cm*90cm，挂式",5,{"$nulls":10},3,2,null,0,null,null,"个",{"v":120,"d":"120.00"},{"v":600,"d":"600.00"},{"v":0,"d":"0.00"},{"v":360,"d":"360.00"},{"v":240,"d":"240.00"},{"v":0,"d":"0.00"},{"v":0,"d":"0.00"},{"v":0,"d":"0.00"},{"v":0,"d":"0.00"},"任意品牌"]
[125,"东泽公司","彩色装订夹条","21cm，50条/盒，塑料",10,{"$nulls":10},5,5,null,0,null,null,"盒",{"v":8.5,"d":"8.50"},{"v":85,"d":"85.00"},{"v":0,"d":"0.00"},{"v":42.5,"d":"42.50"},{"v":42.5,"d":"42.50"},{"v":0,"d":"0.00"},{"v":0,"d":"0.00"},{"v":0,"d":"0.00"},{"v":0,"d":"0.00"},"任意品牌"]
[126,"东泽公司","全新切纸机\n刀片","适配道顿DC-3206SQ切纸机",0,{"$nulls":10},0,0,null,0,null,null,"片",{"v":180,"d":"180.00"},{"v":0,"d":"0.00"},{"v":0,"d":"0.00"},{"v":0,"d":"0.00"},{"v":0,"d":"0.00"},{"v":0,"d":"0.00"},{"v":0,"d":"0.00"},{"v":0,"d":"0.00"},{"v":0,"d":"0.00"},"任意品牌"]
[127,"东泽公司","留样标签卡","4CM*5CM，400张/包",122,{"$nulls":3},50,{"$nulls":6},12,10,null,0,null,50,"包",{"v":22,"d":"22.00"},{"v":2684,"d":"2,684.00"},{"v":1100,"d":"1,100.00"},{"v":264,"d":"264.00"},{"v":220,"d":"220.00"},{"v":0,"d":"0.00"},{"v":0,"d":"0.00"},{"v":0,"d":"0.00"},{"v":1100,"d":"1,100.00"},"任意品牌","=DISPIMG(\"ID_3FB162D8024E49FEA2B1CA9EB88AA125\",1)"]
[128,"东泽公司","挂钟","14英寸、可看日期",18,{"$nulls":10},9,2,null,2,3,2,"个",{"v":50,"d":"50.00"},{"v":900,"d":"900.00"},{"v":0,"d":"0.00"},{"v":450,"d":"450.00"},{"v":100,"d":"100.00"},{"v":0,"d":"0.00"},{"v":100,"d":"100.00"},{"v":150,"d":"150.00"},{"v":100,"d":"100.00"},"任意品牌","=DISPIMG(\"ID_14E3E5DBE5F44E35ACD76C04F7383C7D\",1)"]
[129,"东泽公司","防水贴纸","号码“1-4”，直径4cm",10,{"$nulls":10},0,0,null,0,null,10,"套",{"v":20,"d":"20.00"},{"v":200,"d":"200.00"},{"v":0,"d":"0.00"},{"v":0,"d":"0.00"},{"v":0,"d":"0.00"},{"v":0,"d":"0.00"},{"v":0,"d":"0.00"},{"v":0,"d":"0.00"},{"v":200,"d":"200.00"},"任意品牌","=DISPIMG(\"ID_CC8E879F1C634E6A9625D087C3AD0C20\",1)"]
[130,"东泽公司","红旗","3号",18,{"$nulls":3},12,{"$nulls":6},0,5,null,1,null,null,"面",16,{"v":288,"d":"288.00"},{"v":192,"d":"192.00"},{"v":0,"d":"0.00"},{"v":80,"d":"80.00"},{"v":0,"d":"0.00"},{"v":16,"d":"16.00"},{"v":0,"d":"0.00"},{"v":0,"d":"0.00"},"任意品牌"]
[131,"东泽公司","国旗","2号 240*160CM ",4,{"$nulls":3},2,{"$nulls":6},1,0,null,1,null,null,"面",35,{"v":140,"d":"140.00"},{"v":70,"d":"70.00"},{"v":35,"d":"35.00"},{"v":0,"d":"0.00"},{"v":0,"d":"0.00"},{"v":35,"d":"35.00"},{"v":0,"d":"0.00"},{"v":0,"d":"0.00"},"任意品牌"]
[132,"东泽公司","红旗","5号",10,{"$nulls":11},10,{"$nulls":4},"面",{"v":15,"d":"15.00"},{"v":150,"d":"150.00"},{"v":0,"d":"0.00"},{"v":0,"d":"0.00"},{"v":150,"d":"150.00"},{"v":0,"d":"0.00"},{"v":0,"d":"0.00"},{"v":0,"d":"0.00"},{"v":0,"d":"0.00"},"任意品牌"]
[133,"东泽公司","名片盒","两格，亚克力",27,{"$nulls":3},20,{"$nulls":6},2,0,null,0,null,5,"个",{"v":10,"d":"10.00"},{"v":270,"d":"270.00"},{"v":200,"d":"200.00"},{"v":20,"d":"20.00"},{"v":0,"d":"0.00"},{"v":0,"d":"0.00"},{"v":0,"d":"0.00"},{"v":0,"d":"0.00"},{"v":50,"d":"50.00"},"任意品牌"]
[134,"东泽公司","投票箱","尺寸41.5*29.5*57CM",4,{"$nulls":8},1,null,2,1,null,0,null,null,"个",{"v":230,"d":"230.00"},{"v":920,"d":"920.00"},{"v":230,"d":"230.00"},{"v":460,"d":"460.00"},{"v":230,"d":"230.00"},{"v":0,"d":"0.00"},{"v":0,"d":"0.00"},{"v":0,"d":"0.00"},{"v":0,"d":"0.00"},"任意品牌"]
[135,"东泽公司","白板擦","白板笔可用",89,null,2,null,10,1,1,1,{"$nulls":3},14,10,30,9,6,5,"个",{"v":4,"d":"4.00"},{"v":356,"d":"356.00"},{"v":60,"d":"60.00"},{"v":56,"d":"56.00"},{"v":40,"d":"40.00"},{"v":120,"d":"120.00"},{"v":36,"d":"36.00"},{"v":24,"d":"24.00"},{"v":20,"d":"20.00"},"任意品牌"]
[136,"东泽公司","打孔塑料装订夹","彩色夹条，50套/盒，规格80mm",4,{"$nulls":10},2,2,null,0,null,null,"盒",{"v":8.5,"d":"8.50"},{"v":34,"d":"34.00"},{"v":0,"d":"0.00"},{"v":17,"d":"17.00"},{"v":17,"d":"17.00"},{"v":0,"d":"0.00"},{"v":0,"d":"0.00"},{"v":0,"d":"0.00"},{"v":0,"d":"0.00"},"任意品牌","=DISPIMG(\"ID_3DE8FD4BEF484297A3B8DF6925DC7B6C\",1)"]
[137,"东泽公司","档案专用油墨（黑色）","号码机页码机打码器档案专用油墨(黑色），速干性，瓶",16,{"$nulls":10},1,0,null,0,null,15,"瓶",6,{"v":96,"d":"96.00"},{"v":0,"d":"0.00"},{"v":6,"d":"6.00"},{"v":0,"d":"0.00"},{"v":0,"d":"0.00"},{"v":0,"d":"0.00"},{"v":0,"d":"0.00"},{"v":90,"d":"90.00"},"任意品牌"]
[138,"东泽公司","电话座机","电话机座机，固定电话，办公家用，来电显示，双接口，免电池",2,{"$nulls":10},0,0,null,2,null,null,"台",100,{"v":200,"d":"200.00"},{"v":0,"d":"0.00"},{"v":0,"d":"0.00"},{"v":0,"d":"0.00"},{"v":0,"d":"0.00"},{"v":200,"d":"200.00"},{"v":0,"d":"0.00"},{"v":0,"d":"0.00"},"任意品牌"]
[139,"东泽公司","双强力文件夹","A4金属双强力夹硬文件夹",571,{"$nulls":3},50,{"$nulls":4},30,null,130,150,150,25,36,null,"个",10,{"v":5710,"d":"5,710.00"},{"v":800,"d":"800.00"},{"v":1300,"d":"1,300.00"},{"v":1500,"d":"1,500.00"},{"v":1500,"d":"1,500.00"},{"v":250,"d":"250.00"},{"v":360,"d":"360.00"},{"v":0,"d":"0.00"},"任意品牌","=DISPIMG(\"ID_12E9389BB3FD463A943F959F8CC9AF85\",1)"]
[140,"东泽公司","桌面旗座","21cmx14cm(8号规格）旗杆高26cm,横面长度30com，含两旗面（国旗、司旗）",29,{"$nulls":10},20,0,5,4,null,null,"个",40,{"v":1160,"d":"1,160.00"},{"v":0,"d":"0.00"},{"v":800,"d":"800.00"},{"v":0,"d":"0.00"},{"v":200,"d":"200.00"},{"v":160,"d":"160.00"},{"v":0,"d":"0.00"},{"v":0,"d":"0.00"},"任意品牌","=DISPIMG(\"ID_A24EDC6F288F431C8A97253F2F2C147F\",1)"]
[141,"东泽公司","台签卡座","会议台牌200*130*3mm",140,{"$nulls":10},80,0,null,30,30,null,"个",7,{"v":980,"d":"980.00"},{"v":0,"d":"0.00"},{"v":560,"d":"560.00"},{"v":0,"d":"0.00"},{"v":0,"d":"0.00"},{"v":210,"d":"210.00"},{"v":210,"d":"210.00"},{"v":0,"d":"0.00"},"任意品牌"]
[142,"东泽公司","票据夹","盘扣式风琴包、A4",5,{"$nulls":10},5,0,null,0,null,null,"个",30,{"v":150,"d":"150.00"},{"v":0,"d":"0.00"},{"v":150,"d":"150.00"},{"v":0,"d":"0.00"},{"v":0,"d":"0.00"},{"v":0,"d":"0.00"},{"v":0,"d":"0.00"},{"v":0,"d":"0.00"},"任意品牌"]
[143,"东泽公司","不干胶标签纸","哑面，A4不干胶打印纸，圆角84枚/张，80张/包",75,{"$nulls":10},23,0,50,1,1,null,"包",30,{"v":2250,"d":"2,250.00"},{"v":0,"d":"0.00"},{"v":690,"d":"690.00"},{"v":0,"d":"0.00"},{"v":1500,"d":"1,500.00"},{"v":30,"d":"30.00"},{"v":30,"d":"30.00"},{"v":0,"d":"0.00"},"任意品牌"]
[144,"东泽公司","不干胶标签纸","哑面，A4不干胶打印纸，圆角21枚/张，50张/包",10,{"$nulls":11},10,{"$nulls":4},"包",20,{"v":200,"d":"200.00"},{"v":0,"d":"0.00"},{"v":0,"d":"0.00"},{"v":200,"d":"200.00"},{"v":0,"d":"0.00"},{"v":0,"d":"0.00"},{"v":0,"d":"0.00"},{"v":0,"d":"0.00"},"任意品牌","=DISPIMG(\"ID_E4F89D13DCB94D398E59D52837092079\",1)"]
[145,"东泽公司","相片纸","A4 230g双面高光照片纸 相片打印纸 50张/盒 11826",13,{"$nulls":10},3,5,5,0,null,null,"盒",30,{"v":390,"d":"390.00"},{"v":0,"d":"0.00"},{"v":90,"d":"90.00"},{"v":150,"d":"150.00"},{"v":150,"d":"150.00"},{"v":0,"d":"0.00"},{"v":0,"d":"0.00"},{"v":0,"d":"0.00"},"任意品牌","=DISPIMG(\"ID_477A554071BE43999C92CEF52E9C92D5\",1)"]
[146,"东泽公司","台历","25.5cm*8cm*21cm",194,15,10,11,{"$nulls":4},6,17,8,40,30,null,2,5,50,"本",10,{"v":1940,"d":"1,940.00"},{"v":670,"d":"670.00"},{"v":400,"d":"400.00"},{"v":300,"d":"300.00"},{"v":0,"d":"0.00"},{"v":20,"d":"20.00"},{"v":50,"d":"50.00"},{"v":500,"d":"500.00"},"任意品牌","=DISPIMG(\"ID_F2C8650BE45E4A08A56FC43EAB38F1F2\",1)"]
[147,"东泽公司","三孔带笔槽杯托+A4垫","杯垫：24*10cm；会议垫：25*33.5cm；材质：pu；定制企业logo",50,{"$nulls":10},20,0,null,30,null,null,"套",90,{"v":4500,"d":"4,500.00"},{"v":0,"d":"0.00"},{"v":1800,"d":"1,800.00"},{"v":0,"d":"0.00"},{"v":0,"d":"0.00"},{"v":2700,"d":"2,700.00"},{"v":0,"d":"0.00"},{"v":0,"d":"0.00"},"任意品牌","=DISPIMG(\"ID_6690C290DC33484388304C129B872449\",1)"]
[148,"东泽公司","钢卷尺","5m；锁定功能",47,{"$nulls":3},2,{"$nulls":6},10,10,null,5,10,10,"只",13,{"v":611,"d":"611.00"},{"v":26,"d":"26.00"},{"v":130,"d":"130.00"},{"v":130,"d":"130.00"},{"v":0,"d":"0.00"},{"v":65,"d":"65.00"},{"v":130,"d":"130.00"},{"v":130,"d":"130.00"},"任意品牌","=DISPIMG(\"ID_43D9E436F9324A29927CADE8AC6F29CB\",1)"]
[149,"东泽公司","修正液",null,37,{"$nulls":7},2,null,3,0,0,null,12,null,20,"只",10,{"v":370,"d":"370.00"},{"v":50,"d":"50.00"},{"v":0,"d":"0.00"},{"v":0,"d":"0.00"},{"v":0,"d":"0.00"},{"v":120,"d":"120.00"},{"v":0,"d":"0.00"},{"v":200,"d":"200.00"},"任意品牌"]
[150,"东泽公司","木板书写板（A3）","横版，平头夹，可插笔，厚度4MM",140,{"$nulls":10},120,0,20,{"$nulls":3},"块",{"v":20,"d":"20.00"},{"v":2800,"d":"2,800.00"},{"v":0,"d":"0.00"},{"v":2400,"d":"2,400.00"},{"v":0,"d":"0.00"},{"v":400,"d":"400.00"},{"v":0,"d":"0.00"},{"v":0,"d":"0.00"},{"v":0,"d":"0.00"},"得力、齐心、晨光","适用于A3纸"]
[151,"东泽公司","木板书写板（A4）","平头夹，可插笔，厚度4MM",220,{"$nulls":10},140,30,50,{"$nulls":3},"块",{"v":7,"d":"7.00"},{"v":1540,"d":"1,540.00"},{"v":0,"d":"0.00"},{"v":980,"d":"980.00"},{"v":210,"d":"210.00"},{"v":350,"d":"350.00"},{"v":0,"d":"0.00"},{"v":0,"d":"0.00"},{"v":0,"d":"0.00"},"得力、齐心、晨光","适用于A4纸"]
[152,"东泽公司","不锈钢钥匙盘","横向，20位钥匙盘",5,{"$nulls":10},5,0,{"$nulls":4},"个",{"v":10,"d":"10.00"},{"v":50,"d":"50.00"},{"v":0,"d":"0.00"},{"v":50,"d":"50.00"},{"v":0,"d":"0.00"},{"v":0,"d":"0.00"},{"v":0,"d":"0.00"},{"v":0,"d":"0.00"},{"v":0,"d":"0.00"},"任意品牌","=DISPIMG(\"ID_CE6809784E4444B19C9BC1D85C99DC04\",1)"]
[153,"东泽公司","双头荧光笔","双头6色，一盒6色",30,{"$nulls":10},10,0,20,{"$nulls":3},"个",{"v":15,"d":"15.00"},{"v":450,"d":"450.00"},{"v":0,"d":"0.00"},{"v":150,"d":"150.00"},{"v":0,"d":"0.00"},{"v":300,"d":"300.00"},{"v":0,"d":"0.00"},{"v":0,"d":"0.00"},{"v":0,"d":"0.00"},"晨光、齐心","=DISPIMG(\"ID_BBFF866A82784A9695FE2A348CA50F1E\",1)"]
[154,"东泽公司","磨砂橡皮","磨砂橡皮擦",21,{"$nulls":11},0,null,11,null,10,"只",{"v":3,"d":"3.00"},{"v":63,"d":"63.00"},{"v":0,"d":"0.00"},{"v":0,"d":"0.00"},{"v":0,"d":"0.00"},{"v":0,"d":"0.00"},{"v":33,"d":"33.00"},{"v":0,"d":"0.00"},{"v":30,"d":"30.00"}]
[155,"东泽公司","工位牌","立式（20*12cm)",10,{"$nulls":11},0,null,10,null,null,"个",{"v":30,"d":"30.00"},{"v":300,"d":"300.00"},{"v":0,"d":"0.00"},{"v":0,"d":"0.00"},{"v":0,"d":"0.00"},{"v":0,"d":"0.00"},{"v":300,"d":"300.00"},{"v":0,"d":"0.00"},{"v":0,"d":"0.00"}]
[156,"东泽公司","台卡","亚克力、立式（A6:150mm*100mm)",10,{"$nulls":11},0,null,10,null,null,"个",{"v":10,"d":"10.00"},{"v":100,"d":"100.00"},{"v":0,"d":"0.00"},{"v":0,"d":"0.00"},{"v":0,"d":"0.00"},{"v":0,"d":"0.00"},{"v":100,"d":"100.00"},{"v":0,"d":"0.00"},{"v":0,"d":"0.00"}]
[157,"东泽公司","台卡","亚克力、立式（A5:210mm*148mm)",5,{"$nulls":11},0,null,5,null,null,"个",{"v":12,"d":"12.00"},{"v":60,"d":"60.00"},{"v":0,"d":"0.00"},{"v":0,"d":"0.00"},{"v":0,"d":"0.00"},{"v":0,"d":"0.00"},{"v":60,"d":"60.00"},{"v":0,"d":"0.00"},{"v":0,"d":"0.00"}]
[158,"东泽公司","台卡","亚克力V型台卡（90mm*60mm*2mm）",30,{"$nulls":11},0,null,30,null,null,"个",{"v":6.5,"d":"6.50"},{"v":195,"d":"195.00"},{"v":0,"d":"0.00"},{"v":0,"d":"0.00"},{"v":0,"d":"0.00"},{"v":0,"d":"0.00"},{"v":195,"d":"195.00"},{"v":0,"d":"0.00"},{"v":0,"d":"0.00"}]
[159,"东泽公司","计算器","带语音商务办公用品店铺用计算机器大号大按键大屏幕",40,{"$nulls":11},0,30,null,null,10,"个",{"v":50,"d":"50.00"},{"v":2000,"d":"2,000.00"},{"$nulls":7},"得力、晨光、吉丽","=DISPIMG(\"ID_40809DDBDAF9480590FD5D7C29C53714\",1)"]
["合计",{"$nulls":22},630098,123722.5,125730.5,107776.5,77919,73215,36249.5,83485]
["交货地址：\n1.广东省东莞市东城街道东城运河路5号；（公司本部）\n2.东莞市东城街道榴花西街19号大业物流园内（第一分公司）\n3.广东省东莞市寮步镇向西旭升路5号1栋（第二分公司）\n4.东莞市沙田镇稔洲山边路103号（第三分公司）\n5.东莞市道滘镇万道路2号华科城创新产业孵化园5栋（第四分公司）\n6.东莞市横沥镇中山东路82号骏业大厦五楼（第五分公司）\n7.东莞市塘厦镇蛟坪大道83A号星河科技园二楼（第六分公司）"]

{"sheet":"WpsReserved_CellImgList","index":2,"n_rows":0,"n_cols":0,"rows_kept":0,"hidden":true,"flags":["formulas_cached_only"]}